=LDR 00000nam 2200000 4500 =001 000335 =005 20250710023431 =035 ##$$a 0010-0725000189 =007 ta =008 250710################a##########0#ind## =020 ##$$a 976-623-472-375 =082 ##$$a 398.209 598 =084 ##$$a 398.209 598 SHI b =100 #$$a Shingre, Poorva Harihar =245 1#$$a Buku Pertamaku tentang Buah-buahan da Sayuran /$c Poorva Harihar Shingre =250 ##$$a Cetakan Pertama =260 ##$$a Jakarta Timur :$b Badan Pengembangan dan Pembinaan Bahasa,$c 2024 =300 ##$$a 24 hlm. : $b ilus. ; $c 22,9 cm =650 #4$$a Cerita Abak Indonesia-Terjemahan =650 #4$$a Literasi-Bahan Bacaan =856 ##$$a TBM As Suhada =990 ##$$a TBM00400040